[Event "NRW Class1 1819"]
[Site "Germany"]
[Date "2019.01.13"]
[Round "5.8"]
[White "Pfleger, Sascha"]
[Black "Laurenz, Waldemar"]
[Result "0-1"]
[WhiteElo "2038"]
[BlackElo "1863"]
[PlyCount "110"]
[EventDate "2018.09.16"]
[EventType "team-tourn"]
[EventRounds "9"]
[EventCountry "GER"]
[SourceTitle "EXT 2022"]
[Source "ChessBase"]
[SourceDate "2021.10.06"]
[SourceVersion "1"]
[SourceVersionDate "2021.10.06"]
[SourceQuality "1"]
[WhiteTeam "Letmathe"]
[BlackTeam "Lippstadt Turm"]
[WhiteTeamCountry "GER"]
[BlackTeamCountry "GER"]

1. c4 Nf6 2. d4 e6 3. Nf3 d5 4. Bg5 Be7 5. Nc3 0-0 6. Qc2 h6 7. Bh4 a6 8. e3 c6 9. Ne5 Nbd7 10. Bxf6 Bxf6 11. Nxd7 Bxd7 12. cxd5 cxd5 13. Bd3 Rc8 14. 0-0 b5 15. Qb3 Qa5 16. a3 Rb8 17. Qa2 Qb6 18. b4 Qd6 19. Rfc1 Rfc8 20. Rc2 g6 21. Rac1 Kg7 22. Ne2 e5 23. Rc5 Be6 24. Qb2 Rxc5 25. Rxc5 Rc8 26. Qc3 Rxc5 27. bxc5 Qc7 28. f3 Bd7 29. Qb3 Bc6 30. f4 exd4 31. exd4 Qe7 32. Kf2 Qd7 33. Bc2 Bh4+ 34. Kf3 h5 35. h3 Qe6 36. f5 Qf6 37. Qc3 Bd7 38. g4 hxg4+ 39. hxg4 gxf5 40. gxf5 Qg5 41. Qe3 Qh5+ 42. Kg2 Qg4+ 43. Kf1 Bf6 44. Qf2 Kh6 45. Qh2+ Kg5 46. Qd6 Qf3+ 47. Ke1 Bxf5 48. Bxf5 Kxf5 49. Qd7+ Ke4 50. Qe8+ Kd3 51. Nc1+ Kxd4 52. Ne2+ Kc4 53. c6 Bh4+ 54. Kd2 Qd3+ 55. Kc1 Bg5+ 0-1

[Event "NRW Class1 1516"]
[Site "Germany"]
[Date "2016.02.14"]
[Round "6.8"]
[White "Laurenz, Waldemar"]
[Black "Krabbe, Christian"]
[Result "1-0"]
[WhiteElo "1938"]
[BlackElo "1965"]
[PlyCount "163"]
[EventDate "2015.09.27"]
[EventType "team-tourn"]
[EventRounds "9"]
[EventCountry "GER"]
[SourceTitle "EXT 2017"]
[Source "ChessBase"]
[SourceDate "2016.10.25"]
[SourceVersion "1"]
[SourceVersionDate "2016.10.25"]
[SourceQuality "1"]
[WhiteTeam "Lippstadt Turm"]
[BlackTeam "Kamen"]
[WhiteTeamCountry "GER"]
[BlackTeamCountry "GER"]

1. Nf3 g6 2. c4 d6 3. g3 Bg7 4. d4 Nf6 5. Bg2 0-0 6. 0-0 c6 7. Nc3 Nbd7 8. d5 c5 9. e4 a6 10. Re1 Nb6 11. Qb3 e5 12. h3 Nbd7 13. a4 b6 14. Qc2 h6 15. Bd2 Ne8 16. Ra3 Kh7 17. Rb3 a5 18. Nb5 Ndf6 19. Nh4 Nc7 20. Nxc7 Qxc7 21. f4 Nd7 22. f5 Bf6 23. Nf3 Ba6 24. Nh2 Rg8 25. Ng4 g5 26. Rf1 Qd8 27. Be1 Qe7 28. Qe2 Rg7 29. Ne3 Rh8 30. Qh5 Kg8 31. Qe2 Qd8 32. Bf3 Kf8 33. Nc2 Ke7 34. Na3 Nb8 35. Bd2 Nd7 36. Bh5 Nb8 37. Kg2 Nd7 38. Nc2 Qc7 39. Ne3 Qd8 40. Rh1 Qe8 41. Nf1 Qd8 42. Bf3 Rgh7 43. g4 Bg7 44. f6+ Nxf6 45. Ng3 Bc8 46. Rf1 Bd7 47. Ra3 Qe8 48. Qd1 Kd8 49. Qc2 Kc7 50. Bd1 Rf8 51. Raf3 Ng8 52. Bxa5 bxa5 53. Qd2 Kd8 54. Qxa5+ Ke7 55. Qa7 f5 56. Nxf5+ Rxf5 57. Rxf5 Nf6 58. a5 Rh8 59. Ba4 Qb8 60. Qxb8 Rxb8 61. Bxd7 Rxb2+ 62. Kg1 Kxd7 63. Rxf6 Bxf6 64. Rxf6 Ra2 65. Rf7+ Kc8 66. Ra7 Kb8 67. Ra6 Kc7 68. Rc6+ Kd7 69. a6 Ra4 70. Rb6 Kc7 71. Rc6+ Kd7 72. Rb6 Kc7 73. Rb7+ Kd8 74. Rh7 Rxa6 75. Rxh6 Kc7 76. Rh7+ Kd8 77. Rg7 Ra4 78. Rxg5 Rxc4 79. h4 Rxe4 80. h5 Ke7 81. h6 Kf6 82. Rg8 1-0

[Event "NRW Class1 1516"]
[Site "Germany"]
[Date "2015.11.22"]
[Round "3.8"]
[White "Laurenz, Waldemar"]
[Black "Franz, Christian"]
[Result "1-0"]
[WhiteElo "1938"]
[BlackElo "2000"]
[PlyCount "111"]
[EventDate "2015.09.27"]
[EventType "team-tourn"]
[EventRounds "9"]
[EventCountry "GER"]
[SourceTitle "EXT 2017"]
[Source "ChessBase"]
[SourceDate "2016.10.25"]
[SourceVersion "1"]
[SourceVersionDate "2016.10.25"]
[SourceQuality "1"]
[WhiteTeam "Lippstadt Turm"]
[BlackTeam "Iserlohn Koenigsspringer"]
[WhiteTeamCountry "GER"]
[BlackTeamCountry "GER"]

1. Nf3 Nf6 2. c4 g6 3. Nc3 Bg7 4. e4 d6 5. d4 0-0 6. Be2 e5 7. d5 a5 8. 0-0 Nh5 9. Bg5 f6 10. Be3 Nf4 11. Bxf4 exf4 12. Qd2 g5 13. Nd4 Na6 14. h3 Nc5 15. Bg4 Nxe4 16. Nxe4 f5 17. Nxg5 Bxd4 18. Qxd4 fxg4 19. Ne6 Bxe6 20. dxe6 gxh3 21. gxh3 Qf6 22. Qe4 Qg6+ 23. Qxg6+ hxg6 24. Rae1 Rae8 25. Re4 Re7 26. Kg2 Kg7 27. Kf3 Rh8 28. Kg4 g5 29. Kxg5 Rxh3 30. Rg1 f3 31. Kf5+ Kf8 32. Reg4 Reh7 33. Rg8+ Ke7 34. R1g7+ Rxg7 35. Rxg7+ Kd8 36. Kf6 Rh8 37. Kf7 b6 38. b3 c6 39. Kg6 Ke8 40. Rb7 Rh2 41. Kg5 b5 42. cxb5 cxb5 43. Kf6 Rh6+ 44. Kf5 Rh2 45. Ra7 Rh5+ 46. Kg4 Re5 47. Rxa5 Ke7 48. a4 Kxe6 49. Rxb5 Re1 50. Kf4 d5 51. Rb6+ Kd7 52. Kxf3 Kc7 53. Rb4 Rb1 54. a5 Kc6 55. a6 Kc5 56. a7 1-0

[Event "NRW Class2 1314"]
[Site "Germany"]
[Date "2013.11.17"]
[Round "3.7"]
[White "Laurenz, Waldemar"]
[Black "Hachmeister, Dirk"]
[Result "1-0"]
[WhiteElo "1922"]
[BlackElo "2188"]
[PlyCount "69"]
[EventDate "2013.09.15"]
[EventType "team-tourn"]
[EventRounds "9"]
[EventCountry "GER"]
[SourceTitle "EXT 2015"]
[Source "ChessBase"]
[SourceDate "2014.11.20"]
[SourceVersion "1"]
[SourceVersionDate "2014.11.20"]
[SourceQuality "1"]
[WhiteTeam "Lippstadt Turm"]
[BlackTeam "Neuenkirchen"]
[WhiteTeamCountry "GER"]
[BlackTeamCountry "GER"]

1. Nf3 b6 2. g3 Bb7 3. Bg2 Nf6 4. 0-0 e6 5. c4 c5 6. d3 Be7 7. e4 d6 8. Nc3 Nbd7 9. Qe2 a6 10. a4 Qc7 11. h3 0-0 12. Ne1 Rfe8 13. f4 Nf8 14. Nf3 N6d7 15. Bd2 Rac8 16. Nd1 Bf6 17. Bc3 Bc6 18. Bxf6 Nxf6 19. Nc3 Ng6 20. Nh2 Rb8 21. Nf3 h6 22. d4 cxd4 23. Nxd4 Bb7 24. Kh2 Rbc8 25. b3 Qc5 26. Qd3 Ba8 27. Rad1 d5 28. exd5 exd5 29. Nxd5 Bxd5 30. cxd5 Nxd5 31. Nf5 Nb4 32. Qd6 Re2 33. Qxc5 Rxc5 34. Nd4 Rc3 35. Nxe2 1-0

[Event "Moehnesee Cup 36th"]
[Site "Moehnesee"]
[Date "2010.08.29"]
[Round "6"]
[White "Laurenz, Waldemar"]
[Black "Herda, Christoph"]
[Result "1-0"]
[WhiteElo "2071"]
[BlackElo "1898"]
[PlyCount "107"]
[EventDate "2010.08.26"]
[EventType "swiss"]
[EventRounds "7"]
[EventCountry "GER"]
[SourceTitle "EXT 2011"]
[Source "ChessBase"]
[SourceDate "2010.11.26"]
[SourceVersion "1"]
[SourceVersionDate "2010.11.26"]
[SourceQuality "1"]

1. Nf3 Nf6 2. c4 c5 3. g3 g6 4. Bg2 Bg7 5. 0-0 0-0 6. Nc3 Nc6 7. d4 cxd4 8. Nxd4 Nxd4 9. Qxd4 d6 10. Qd2 a6 11. b3 Rb8 12. Bb2 Bd7 13. e4 Qa5 14. Rfd1 Rfd8 15. Ne2 Qxd2 16. Rxd2 Bc6 17. f3 Bh6 18. Rdd1 Nd7 19. Kf2 f6 20. Nd4 Kf7 21. Bh3 Nc5 22. Ba3 Bd7 23. Bf1 Ne6 24. Bb2 Nxd4 25. Bxd4 b5 26. Be3 Bxe3+ 27. Kxe3 Rdc8 28. Rac1 Ke8 29. Be2 b4 30. Rd2 Rc5 31. Rd5 Be6 32. Rd2 a5 33. Rb2 Ra8 34. Bd3 a4 35. Rcc2 a3 36. Rb1 Bf7 37. Rd1 Rac8 38. h4 h5 39. Rcd2 Kf8 40. Bf1 Be6 41. Rh2 R8c7 42. Bh3 Bf7 43. Bf1 Be6 44. Bh3 Bg8 45. g4 Be6 46. gxh5 Bxh3 47. Rxh3 Rxh5 48. Rg1 g5 49. Rgh1 Rb7 50. hxg5 Rxg5 51. Kf2 Kf7 52. Rh5 Rg8 53. Ra5 e5 54. Rh7+ 1-0

[Event "Moehnesee Cup 36th"]
[Site "Moehnesee"]
[Date "2010.08.28"]
[Round "4"]
[White "Laurenz, Waldemar"]
[Black "Rumpler, Horst Dieter"]
[Result "0-1"]
[WhiteElo "2071"]
[BlackElo "1906"]
[PlyCount "90"]
[EventDate "2010.08.26"]
[EventType "swiss"]
[EventRounds "7"]
[EventCountry "GER"]
[SourceTitle "EXT 2011"]
[Source "ChessBase"]
[SourceDate "2010.11.26"]
[SourceVersion "1"]
[SourceVersionDate "2010.11.26"]
[SourceQuality "1"]

1. Nf3 Nf6 2. c4 e6 3. g3 b6 4. Bg2 Bb7 5. 0-0 c5 6. e3 d5 7. cxd5 exd5 8. d4 Ne4 9. b3 cxd4 10. Nxd4 Nc6 11. Nxc6 Bxc6 12. Qd4 Qf6 13. Bb2 Qxd4 14. Bxd4 Rc8 15. f3 Ng5 16. Rd1 Ne6 17. Bh3 Rd8 18. Bxe6 fxe6 19. Nc3 Bc5 20. Ne2 0-0 21. f4 Bb5 22. Nc3 Be8 23. Rac1 Bh5 24. Rd2 Ba3 25. Rf1 Bb4 26. Rdf2 Rc8 27. Nb5 Rf7 28. a3 Bf8 29. Bb2 Bg6 30. Re1 Bf5 31. Kg2 Be4+ 32. Kh3 h5 33. g4 g5 34. Nd4 hxg4+ 35. Kg3 gxf4+ 36. exf4 Bc5 37. b4 Bxd4 38. Bxd4 Bf5 39. Be5 Rh7 40. Kg2 Rh3 41. Ra2 Be4+ 42. Kg1 Kf7 43. f5 exf5 44. Kf2 Ke6 45. Bg3 f4 0-1

[Event "Moehnesee Cup 36th"]
[Site "Moehnesee"]
[Date "2010.08.26"]
[Round "1"]
[White "Kuckling, Hannah"]
[Black "Laurenz, Waldemar"]
[Result "1-0"]
[WhiteElo "1602"]
[BlackElo "2071"]
[PlyCount "31"]
[EventDate "2010.08.26"]
[EventType "swiss"]
[EventRounds "7"]
[EventCountry "GER"]
[SourceTitle "EXT 2011"]
[Source "ChessBase"]
[SourceDate "2010.11.26"]
[SourceVersion "1"]
[SourceVersionDate "2010.11.26"]
[SourceQuality "1"]

1. e4 c5 2. c3 d5 3. exd5 Qxd5 4. d4 Nc6 5. Nf3 Bg4 6. Be2 Qd6 7. 0-0 Nf6 8. Na3 cxd4 9. Nb5 Qd7 10. Nbxd4 Nxd4 11. Nxd4 Bxe2 12. Qxe2 e6 13. Rd1 Be7 14. Nf5 Qc6 15. Nxg7+ Kf8 16. Bh6 1-0

[Event "NRW Class1 0405"]
[Site "Germany"]
[Date "2005.01.30"]
[Round "6.8"]
[White "Laurenz, Waldemar"]
[Black "Savchenko, Aleksij"]
[Result "1-0"]
[WhiteElo "2144"]
[BlackElo "2026"]
[PlyCount "81"]
[EventDate "2004.10.10"]
[EventType "team"]
[EventRounds "9"]
[EventCountry "GER"]
[SourceTitle "EXT 2006"]
[Source "ChessBase"]
[SourceDate "2005.11.24"]
[SourceVersion "1"]
[SourceVersionDate "2005.11.24"]
[SourceQuality "1"]
[WhiteTeam "Lippstadt Turm"]
[BlackTeam "Gerresheim II"]
[WhiteTeamCountry "GER"]
[BlackTeamCountry "GER"]

1. d4 d5 2. Nf3 e6 3. c4 c5 4. cxd5 exd5 5. Nc3 Nc6 6. e3 c4 7. Bd2 Rb8 8. Be2 Nf6 9. Qc2 Be7 10. 0-0 0-0 11. Rad1 b5 12. Ne5 Nxe5 13. dxe5 Ne8 14. Bf3 Nc7 15. Ne2 b4 16. Nd4 Rb6 17. Bc1 Bb7 18. e4 g6 19. Rfe1 dxe4 20. Ne6 Qc8 21. Nxf8 exf3 22. Nd7 Nd5 23. e6 Rxe6 24. Rxe6 fxe6 25. Ne5 fxg2 26. Qxc4 Qb8 27. Nc6 Qe8 28. Nxe7+ Qxe7 29. Qd4 a5 30. Qe5 Qd7 31. Re1 Kf7 32. Bg5 h5 33. Qh8 Ne7 34. Qh7+ Ke8 35. Bxe7 Qxe7 36. Qxg6+ Kd7 37. Qxh5 a4 38. Rd1+ Kc8 39. Qh8+ Kc7 40. Qe5+ Kc8 41. Rc1+ 1-0